| 000 | 00423nam a22001337a 4500 | ||
|---|---|---|---|
| 082 |
_a891.4305 _bTAH |
||
| 245 |
_aMopsan Ke Bemisal Afsanay / _bBy: Tahir Mansoor Farooqui |
||
| 260 |
_aلاہور: _bالحمد پبلیکیشنز, _c2016 |
||
| 300 | _a352p.; | ||
| 563 | _aHB | ||
| 880 |
_6100-01\r _aطاہر منصور فاروقی |
||
| 880 |
_6245-02\r _aموپساں کے بے مثال افسانے |
||
| 942 |
_2ddc _cBK |
||
| 999 |
_c613113 _d613113 |
||